00464nam a2200193 a 4500001001300000003000900013005001700022008004100039020001000080082001600090100001900106245002500125260003200150300000900182500003500191505001000226650001500236700001900251nice12345678IN_TiNIC20260116015112.0050524s1976 newa grp 000 0 eng  ac10000a616.89bVIS aViscott, David aLanguage of Feelings aNew YorkbArbor Housec1976 a151p aincludes index and biblioraphy2 aIndex aPsychiatry1 aViscott, David